Temas transversales: hacia una nueva escuela
Salvato in:
| Autore principale: | |
|---|---|
| Natura: | Libro |
| Lingua: | spagnolo |
| Pubblicazione: |
Barcelona
Graó
1996
|
| Serie: | Transversalidad, 106
|
| Soggetti: | |
| Tags: |
Aggiungi Tag
Nessun Tag, puoi essere il primo ad aggiungerne!!
|
MARC
| LEADER | 00000nam a2200000 a 4500 | ||
|---|---|---|---|
| 001 | UCS3416 | ||
| 003 | CL-VaPUC | ||
| 008 | 970620e19960000SP |||||||||||||||||spa|d | ||
| 020 | |a 8478271511 | ||
| 082 | 0 | 4 | |a 370.114 |b YUS |2 21 |
| 100 | 0 | |a Yus Ramos, Rafael |e author |9 389507 | |
| 245 | 1 | 0 | |a Temas transversales: hacia una nueva escuela |
| 300 | |a 218 p | ||
| 942 | |c BK | ||
| 945 | |d 19970620 00:00:00 |a rbrito | ||
| 260 | |a Barcelona |b Graó |c 1996 | ||
| 650 | 0 | |a Educación moral |9 308319 | |
| 650 | 0 | |a Valores sociales |9 309627 | |
| 650 | 0 | |a Valores morales |9 310604 | |
| 650 | 0 | |a Comportamiento social |9 334200 | |
| 583 | |a last modification |c 19970620 00:00:00 |k Rodrigo Vera | ||
| 490 | 0 | |a Transversalidad, 106 | |
| 999 | |c 261128 |d 261126 | ||
| 952 | |0 0 |1 0 |4 0 |6 370_114000000000000_YUS_1996 |7 0 |8 A |9 288280 |a BIBEDU |b BIBEDU |d 2019-11-19 |i 3326616 |o 370.114 YUS 1996 |p 3326616 |r 2019-11-19 |w 2019-11-19 |y BK |k EPE | ||
| 952 | |0 0 |1 0 |4 0 |6 370_114000000000000_YUS_1996 |7 0 |8 A |9 288281 |a BIBEDU |b BIBEDU |d 2019-11-19 |i 3445852 |o 370.114 YUS 1996 |p 3445852 |r 2019-11-19 |w 2019-11-19 |y BK |k EDU | ||
| 952 | |0 0 |1 0 |4 0 |6 370_114000000000000_YUS_1996 |7 0 |8 A |9 288282 |a BIBEDU |b BIBEDU |d 2019-11-19 |i 3445860 |o 370.114 YUS 1996 |p 3445860 |r 2019-11-19 |w 2019-11-19 |y BK |k EDU | ||
| 952 | |0 0 |1 0 |4 0 |6 370_114000000000000_YUS_1996 |7 0 |8 A |9 288283 |a BIBEDU |b BIBEDU |d 2019-11-19 |i 3455424 |o 370.114 YUS 1996 |p 3455424 |r 2019-11-19 |w 2019-11-19 |y BK |k LIT | ||